000
00311nam a22001331a 4500
020
_a
9788176901949
082
_a
M 909
_b
GAY/K
100
_a
Gayatri
245
_a
Kalyum nagarikathayum/
_c
by Gayatri
260
_a
Thrissur:
_b
Kerala Sahitya Academi,
_c
2009.
300
_a
91p.
650
_a
History
942
_c
BK
999
_c
22663
_d
22663